000 00813nam a2200277 a 4500
001 BRCA_5019
005 20190320204915.0
008 291010s1941----nyua######---#000-0#eng-#
041 _aeng
044 _anyu
050 4 _aNC287.G6
_b.G69 1941
100 1 _aGoya, Francisco
_912797
245 1 0 _aFifty Drawings
_cby Francisco Goya ; with a commentary by Harry B. Whele.
250 _a2
260 _aNueva York
_bMetropolitan Museum of Art
_c1941
300 _a17 p.
_bil., 59 láminas
_c31 cm.
440 0 _aPapers
_v7
_912798
500 _aD120
504 _aBibliografía: p. 17
600 1 4 _aGoya y Lucientes, Francisco de
_d1746-1828
_912799
650 1 4 _aDibujos españoles
_912800
650 1 4 _aDibujantes españoles
_912032
700 1 _aWehle, Harry B.
_912801
902 _aGFM
942 _2lcc
_cB
999 _c4713
_d4713